Pianeti del Sistema solare per Raggio - Statistics

Statistiche generali
  • Questo quiz è stato fatto 48 volte
  • Il punteggio medio è 8 su 8
Statistiche sulle risposte
Raggio (r⊕) Pianeta % Corretto
11,2 Giove
100%
9,1 Saturno
100%
0,38 Mercurio
95%
1 Terra
95%
0,95 Venere
95%
0,53 Marte
93%
3,85 Nettuno
93%
3,95 Urano
91%
Nessun quiz corrispondente trovato
Distribuzione punteggi
Percentuale di utenti per punteggio
Percentile per numero di risposta
I tuoi punteggi nel tempo
Non hai fatto questo quiz